| 000 | 00482 a2200145 4500 | ||
|---|---|---|---|
| 082 |
_a708 _bR532c |
||
| 100 |
_aRichmond, Mariela y Velaszquez, Paulina _91251 |
||
| 110 |
_aLa Camara Espacio de Accion Contemporanea _91252 |
||
| 245 |
_aCanal Corporeo _bCatalogo de proceso |
||
| 260 |
_aSan Jose, Costa Rica _bMunicipalidad de San Jose _c2013 |
||
| 300 |
_a22 p _bil (col) _c21 cm |
||
| 650 |
_aArte _xCatalogo _91253 |
||
| 700 |
_aMariela Richmond _91254 |
||
| 700 |
_aPaulina Velaszquez _91255 |
||
| 999 |
_c272 _d272 |
||